00577nam a2200193Ia 450000500170000000800410001702000140005808200130007210000180008524500690010326000420017230000180021465000120023265000110024465000120025594200060026795200950027399900150036820240830021720.0240331s9999 xx 000 0 und d a817304559 bSRAa792 aSrampickal, J 0aVoice to the Voiceless :bThe power of people's theatre in India aNew DelhibManohar Publicationsc1994 axii, 273 p ., aTheatre aSocial aSociety cL 001040708LaWERCLbWERCLcSSCd2024-03-31l0o 792 SRAp3745r2024-03-31w2024-03-31yL c3100d3100